<?xml version="1.0" encoding="UTF-8"?>
<record
    xmlns:xsi="http://www.w3.org/2001/XMLSchema-instance"
    xsi:schemaLocation="http://www.loc.gov/MARC21/slim http://www.loc.gov/standards/marcxml/schema/MARC21slim.xsd"
    xmlns="http://www.loc.gov/MARC21/slim">

  <leader>00889cam a22002651a 4500</leader>
  <controlfield tag="001">he 68001341 </controlfield>
  <controlfield tag="003">DLC</controlfield>
  <controlfield tag="005">20260227111458.0</controlfield>
  <controlfield tag="008">920624s1966    is a          000 0 hebr </controlfield>
  <datafield tag="010" ind1=" " ind2=" ">
    <subfield code="a">he 68001341 </subfield>
  </datafield>
  <datafield tag="035" ind1=" " ind2=" ">
    <subfield code="a">(OCoLC)26079546</subfield>
  </datafield>
  <datafield tag="040" ind1=" " ind2=" ">
    <subfield code="a">DLC</subfield>
    <subfield code="c">CLU</subfield>
    <subfield code="d">DLC</subfield>
  </datafield>
  <datafield tag="042" ind1=" " ind2=" ">
    <subfield code="a">premarc</subfield>
  </datafield>
  <datafield tag="050" ind1="0" ind2="0">
    <subfield code="a">PZ90.H3</subfield>
    <subfield code="b">H388 1966</subfield>
  </datafield>
  <datafield tag="100" ind1="1" ind2=" ">
    <subfield code="a">Halperin, F.,</subfield>
    <subfield code="d">1876-1945.</subfield>
  </datafield>
  <datafield tag="245" ind1="1" ind2="0">
    <subfield code="a">&#x1E24;akhme &#x1E24;elem /</subfield>
    <subfield code="c">me-et Falk Helpren; me&#x2BC;ubad le-&#x2BB;Ivrit bi-yede Galyah Yardeni.</subfield>
  </datafield>
  <datafield tag="260" ind1=" " ind2=" ">
    <subfield code="a">Yerushalayim :</subfield>
    <subfield code="b">ha-Ma&#x1E25;lakah le-&#x1E25;inukh ule-tarbut ba-gola&#x1E25; shel ha-Histadrut ha-Tsiyonit  a-&#x2BB;Olamit,</subfield>
    <subfield code="c">726 [1966]</subfield>
  </datafield>
  <datafield tag="300" ind1=" " ind2=" ">
    <subfield code="a">48 p. :</subfield>
    <subfield code="b">ill. ;</subfield>
    <subfield code="c">19 cm.</subfield>
  </datafield>
  <datafield tag="490" ind1="0" ind2=" ">
    <subfield code="a">Gesher la-no&#x2BB;ar, sifronim be-&#x2BB;Ivrit &#x1E33;alah ;</subfield>
    <subfield code="v">8</subfield>
  </datafield>
  <datafield tag="500" ind1=" " ind2=" ">
    <subfield code="a">Added t.p.: The sages of Chelm.</subfield>
  </datafield>
  <datafield tag="500" ind1=" " ind2=" ">
    <subfield code="a">Vocalized.</subfield>
  </datafield>
  <datafield tag="650" ind1=" " ind2="0">
    <subfield code="a">Jewish wit and humor.</subfield>
  </datafield>
  <datafield tag="700" ind1="1" ind2=" ">
    <subfield code="a">Yardeni, Galia.</subfield>
  </datafield>
  <datafield tag="740" ind1="0" ind2=" ">
    <subfield code="a">Sages of Chelm.</subfield>
  </datafield>
  <datafield tag="999" ind1=" " ind2=" ">
    <subfield code="c">33271</subfield>
    <subfield code="d">33271</subfield>
  </datafield>
</record>
